La narrativa de Marta Brunet / (Record no. 102631)
[ view plain ]
| 000 -LEADER | |
|---|---|
| campo de control de longitud fija | 00740nam a2200229 i 4500 |
| 001 - NÚMERO DE CONTROL | |
| campo de control | 102631 |
| 003 - IDENTIFICADOR DE NÚMERO DE CONTROL | |
| campo de control | ES-MaACL |
| 005 - FECHA Y HORA DE LA ÚLTIMA TRANSACCIÓN | |
| campo de control | 20230906183140.0 |
| 007 - CAMPO FIJO DE DESCRIPCIÓN FÍSICA--INFORMACIÓN GENERAL | |
| campo de control de longitud fija | t| |
| 008 - DATOS DE LONGITUD FIJA--INFORMACIÓN GENERAL | |
| campo de control de longitud fija | 051123s1975 pr ||||1| spa d |
| 080 ## - NÚMERO DE LA CLASIFICACIÓN DECIMAL UNIVERSAL | |
| Número de la Clasificación Decimal Universal | 821.134.2(83) Brunet, Marta 1.06 |
| 100 1# - ENTRADA PRINCIPAL--NOMBRE DE PERSONA | |
| Nombre de persona | Melón de Díaz, Esther. |
| 9 (RLIN) | 80020 |
| 245 13 - MENCIÓN DEL TÍTULO | |
| Título | La narrativa de Marta Brunet / |
| Mención de responsabilidad, etc. | Esther Melón de Díaz. |
| 250 ## - MENCION DE EDICION | |
| Mención de edición | 1ª ed. |
| 260 ## - PUBLICACIÓN, DISTRIBUCIÓN, ETC. | |
| Lugar de publicación, distribución, etc. | [Río Piedras] : |
| Nombre del editor, distribuidor, etc. | Editorial Universitaria, |
| Fecha de publicación, distribución, etc. | [1975] |
| 300 ## - DESCRIPCIÓN FÍSICA | |
| Extensión | 268 p. ; |
| Dimensiones | 17 cm. |
| 490 1# - MENCIÓN DE SERIE | |
| Mención de serie | Uprex. Estudios literarios ; |
| Designación de volumen o secuencia | 41 |
| 600 14 - PUNTO DE ACCESO ADICIONAL DE MATERIA--NOMBRE DE PERSONA | |
| Nombre de persona | Brunet, Marta- |
| Subdivisión general | Crítica e interpretación. |
| 9 (RLIN) | 32166 |
| 830 0# - PUNTO DE ACCESO ADICIONAL DE SERIE-TÍTULO UNIFORME | |
| Título uniforme | Uprex. Estudios literarios ; |
| Designación de volumen o secuencia | 41 |
| 9 (RLIN) | 184780 |
| 852 ## - LOCALIZACIÓN | |
| Ubicación | ES-MaACL |
| Número de control de estantería | E-11172 |
| Sublocalización o colección | R.136857 |
| Estatus retirado | Estado de pérdida | Estado de daño | No para préstamo | Biblioteca de origen | Biblioteca actual | Ubicación en estantería | Fecha de adquisición | Fuente de adquisición | Total de préstamos | Signatura topográfica completa | Código de barras | Visto por última vez | Precio de reemplazo | Tipo de ítem Koha |
|---|---|---|---|---|---|---|---|---|---|---|---|---|---|---|
| Biblioteca del Ateneo de Madrid | Biblioteca del Ateneo de Madrid | Depósito 2 | 17/01/2008 | E-11172 | 1107138 | 23/02/2023 | 23/02/2023 | Libro impreso |
